000 00455ntaaa2200181 4500
003 01
005 20251027202930.0
008 0714s1973 ag 01
040 _aAR-BaBN
_bspa
_cAR-BaBN
_eaacr
_dRIC
082 _a922.6730 C76
100 _aNewman, Stewart A
_929951
245 _aW. T. Conner
250 _a1 ed.
260 _aNashville :
_bBroadman Press,
_cc1964
300 _a148 p
650 _aConner, Walter Thomas (1877-1952)
_929952
942 _cBK
999 _c24606
_d24606